Missing Word: Enter the Dragons Quiz Stats

 Plays Quiz Updated Oct 12, 2016

Challenge
Share
Tweet
Embed
Score 0/25 Timer 04:00
0 Plays Today
Dragon Phrase Missing Word % Correct
How To _____ Your DragonTrain
94%
_____ the Magic DragonPuff
91.8%
The Girl With The Dragon _____Tattoo
90.5%
Crouching Tiger, _____ DragonHidden
82.9%
_____ and DragonsDungeons
82.2%
Dragon____Fly
77.8%
Dragon ____ ZBall
77.6%
_____ of the DragonYear
77.3%
_____ DragonKomodo
62%
_____ the DragonEnter
54.3%
____ DragonRed
50.9%
_____dragonSnap
49.5%
Dragon _____Lady
47.5%
Dragon Phrase Missing Word % Correct
Saint _____ and the DragonGeorge
33.1%
_____ the DragonSlay
31.8%
Dragon _____Fruit
29%
_____ DragonPete's
26.7%
Dragon's _____Lair
19.4%
_____ DragonDouble
17.3%
Dragon _____Quest
16.2%
Dragon _____King
14%
Dragonriders of _____Pern
10.4%
Dragon ____ FestivalBoat
9.4%
____ DragonsBarcelona
7.7%
Dragon _____Mountain
2.1%

Today's Daily Dose

You're not logged in!

Compare scores with friends on all Sporcle quizzes.
Join for Free
OR
Log In

You Might Also Like...

Show Comments

Extras

Top Quizzes Today


Score Distribution

Your Account Isn't Verified!

In order to create a playlist on Sporcle, you need to verify the email address you used during registration. Go to your Sporcle Settings to finish the process.

Report this User

Report this user for behavior that violates our Community Guidelines.

Details: